000 00810nam a22002777a 4500
003 CHAP
005 20220329140643.0
008 971013s1960 r 00010 d
010 _a55429
011 _a56401
035 _a60554
040 _cCHAP
082 _a658.3
_bY6
100 0 0 _aYoder, Dale.
_9123145
245 _aManejo de personal y relaciones industriales
260 _aMéxico, D.F. :
_bCECSA,
_c1960
300 _a1024 p.
590 _aBATCH-UPD
_b10
_c20130110
_lUCH01
_h0539
590 _aBATCH-UPD
_b10
_c20130410
_lUCH01
_h0220
590 _aBATCH-UPD
_b10
_c20130914
_lUCH01
_h1908
590 _aCONVERSION
_b10
_c20130109
_lUCH01
_h1330
650 1 4 _aPersonal
_xAdministración de.
_987325
901 _aBK
942 _cLIBRO
949 _a658.3 Y6
_bBC
_cBPA
_d-130452
_eBPA
_h25153
_i60554
_mD
_si
999 _c55429
_d55429